Population- U.S. States vs. European Countries - Statistics

General Stats
  • This quiz has been taken 19 times
  • The average score is 10 of 15
Answer Stats
Question Answer % Correct
Which has the higher population? Hawaii
100%
Which has the higher population? Pennsylvania
100%
Which has the higher population? Ireland
80%
Which has the higher population? Latvia
80%
Which has the higher population? Luxembourg
80%
Which has the higher population? Missouri
80%
Which has the higher population? New York
80%
Which has the higher population? Spain
80%
Which has the higher population? Croatia
60%
Which has the higher population? Indiana
60%
Which has the higher population? Utah
60%
Which has the higher population? Arizona
40%
Which has the higher population? Belarus
40%
Which has the higher population? Georgia
40%
Which has the higher population? Switzerland
20%
No matching quizzes found
Score Distribution
Percent of People with Each Score
Percentile by Number Answered
Your Score History
You have not taken this quiz